Bytový dom

Saved in:
Bibliographic Details
Main Author: Bugár, Damián (Author)
Other Authors: Antošová, Naďa (Thesis advisor)
Format: Manuscript Book
Language:Slovak
Published: 2022
Subjects:
Online Access:http://is.stuba.sk/zp/portal_zp.pl?podrobnosti=149226
https://opac.crzp.sk/?fn=detailBiblioForm&sid=EC9507141B5FF6F04507C5C822A1
Tags: Add Tag
No Tags, Be the first to tag this record!

MARC

LEADER 00000ntm a22000003a 4500
001 stuzp87043
003 SK-STU
005 20230424144754.3
007 ta
008 150427s2015----xo-----f-mn---000-0-slo-d
040 |a STU  |b slo 
041 0 |a slo 
100 1 |a Bugár, Damián  |u 010270  |4 aut  |U SvF Stavebná fakulta  |T SvF Katedra technológie stavieb  |X 97676  |U V270  |Y 28  |7 97676 
242 0 1 |a Residential house  |y eng 
245 1 0 |a Bytový dom 
260 |c 2022 
650 4 |a Zvislé debnenie DOKA  |2 slo 
650 4 |a Debnenie stien  |2 slo 
650 4 |a Bytový dom  |2 slo 
650 4 |a Zvislé debnenie DOKA  |2 eng 
650 4 |a Bytový dom  |2 eng 
650 4 |a Debnenie stien  |2 eng 
700 1 |a Antošová, Naďa  |u 010270  |k Z1  |4 ths  |U SvF Stavebná fakulta  |T SvF Katedra technológie stavieb  |X 3720  |U V270  |Y 28  |7 A000003720 
856 4 |u http://is.stuba.sk/zp/portal_zp.pl?podrobnosti=149226 
856 4 |u https://opac.crzp.sk/?fn=detailBiblioForm&sid=EC9507141B5FF6F04507C5C822A1